[Event "HUN-chT"]
[Site "HUN"]
[Date "1992.??.??"]
[Round "?"]
[White "Fusthy, Zsolt"]
[Black "Rigo, Janos"]
[Result "1-0"]
[WhiteElo "2285"]
[BlackElo "2385"]

1.e4 c5 2.Nf3 d6 3.Bb5+ Bd7 4.Bxd7+ Nxd7 5.O-O g6 6.c3 Ngf6 7.Qe2 Qc7 8.d4 e5
9.Bg5 Bg7 10.Na3 a6 11.dxe5 dxe5 12.Nc4 O-O 13.Rad1 b5 14.Ne3 Qa5 15.Nd5 Qxa2
16.Ra1 Qc4 17.Qxc4 bxc4 18.Bxf6 Nxf6 19.Nxf6+ Bxf6 20.Nd2 Bg7 21.Nxc4 f5
22.f3 fxe4 23.fxe4 Rxf1+ 24.Kxf1 Rf8+ 25.Ke2 Rf4 26.Nd2 Rf6 27.Ra5 Rc6 28.Nc4 Kf7
29.Kd3 Ke6 30.b3 Bf6 31.Ne3 Bd8 32.Ra2 Bg5 33.Nd5 Bd8 34.Kc4 h5 35.Rf2 Be7
36.Rf1 Rd6 37.Ra1 Rc6 38.Rxa6 Rxa6 39.Nc7+ Kd6 40.Nxa6 Kc6 41.b4 cxb4 42.cxb4 Bd8
43.Nc5 Bb6 44.Ne6 Kd6 45.Nc5 Kc6 46.Nd3 Bd4 47.b5+ Kd6 48.Nf4 Bg1 49.Nxg6 Bxh2
50.Nh4 Bg1 51.Nf5+ Ke6 52.Ng7+ Kf7 53.Nxh5 Bf2 54.Kd5 Kg6 55.g4 Bd4 56.Nf4+  1-0

[Event "HUN-chT"]
[Site "HUN"]
[Date "1992.??.??"]
[Round "6"]
[White "Horvath, Sandor"]
[Black "Orgovan, Sandor"]
[Result "1/2-1/2"]
[WhiteElo "2360"]
[BlackElo "2385"]

1.e4 c5 2.Nf3 d6 3.Bb5+ Bd7 4.Bxd7+ Nxd7 5.O-O Ngf6 6.Re1 e6 7.d3 Be7 8.h3 O-O
9.Be3 Rc8 10.Nbd2 a6 11.a4 Qc7 12.c3 Ne5  1/2-1/2

[Event "HUN-chT"]
[Site "HUN"]
[Date "1992.??.??"]
[Round "13"]
[White "Lakos, Nikoletta"]
[Black "Csonkics, Tunde"]
[Result "1/2-1/2"]
[WhiteElo "2075"]
[BlackElo "2315"]

1.e4 c5 2.Nf3 d6 3.Bb5+ Nd7 4.O-O a6 5.Bxd7+ Bxd7 6.h3 e6 7.c3 Nf6 8.Re1 Bc6
9.d3 Be7 10.Bf4 h6 11.Nbd2 b5 12.d4 O-O 13.e5 Nd5 14.Bh2 cxd4 15.Nxd4 Bb7
16.Ne4 dxe5 17.Bxe5 Nf6 18.Bxf6 Bxf6 19.Nb3 Bd5 20.Nxf6+ Qxf6 21.Qd4 Qg6
22.Qg4 Qh7 23.Nc5 Rfd8 24.a4 Rac8 25.Nxa6 Rc4 26.Qg3 Rxa4 27.Rxa4 bxa4 28.Qh4 Ra8
29.Nc7 Qg6 30.Nxd5 exd5 31.Qd4 Qc6 32.Rd1 Ra5 33.Qb4 Rc5 34.Rd4 Rc4 35.Qb8+ Kh7
36.Qe5 Rxd4 37.Qxd4 Qb5 38.Qf4 Qxb2 39.Qf5+ Kg8 40.Qc8+ Kh7 41.Qf5+ Kg8 42.Qc8+  1/2-1/2

[Event "Karvina op"]
[Site "Karvina"]
[Date "1992.??.??"]
[Round "4"]
[White "Houser, Pavel"]
[Black "Sobek, Jaroslav"]
[Result "1-0"]
[WhiteElo "2335"]
[BlackElo "2280"]

1.e4 c5 2.Nf3 d6 3.Bb5+ Bd7 4.Bxd7+ Nxd7 5.O-O Ngf6 6.Re1 e6 7.c3 Be7 8.d4 cxd4
9.cxd4 d5 10.e5 Ne4 11.Re2 O-O 12.Ne1 f5 13.f3 Ng5 14.Nd3 Qb6 15.Nf4 Nf7
16.Nc3 Nb8 17.Qa4 g5 18.Nfxd5 exd5 19.Nxd5 Qd8 20.Nxe7+ Qxe7 21.d5 Nxe5 22.f4 Qc5+
23.Be3 Qc4 24.Qxc4 Nxc4 25.Bc5 Rc8 26.Bd4 gxf4 27.Re7 Ne3 28.Rg7+ Kf8 29.Rxh7 Na6
30.d6 Nc2 31.Rc1 Nxd4 32.Rxc8+ Rxc8 33.Rh8+ Kf7 34.Rxc8 Ke6 35.h4 f3 36.g3 Kd7
37.h5 Kxc8 38.h6 Nc5 39.h7 Nce6 40.h8=Q+ Kd7 41.Qe5 b5 42.Kf2 Kc6 43.b4 Kd7
44.Qd5 a6 45.a3  1-0

[Event "Katerini op"]
[Site "Katerini"]
[Date "1992.??.??"]
[Round "?"]
[White "Ehlvest, Jaan"]
[Black "Wojtkiewicz, Aleksander"]
[Result "1/2-1/2"]
[WhiteElo "2635"]
[BlackElo "2530"]

1.e4 c5 2.Nf3 d6 3.Bb5+ Bd7 4.Bxd7+ Qxd7 5.O-O Nf6 6.Re1 Nc6 7.c3 e6 8.d4 cxd4
9.cxd4 d5 10.e5 Ne4 11.Nbd2 Nxd2 12.Bxd2 Be7 13.Bg5 O-O 14.Bxe7 Qxe7 15.Qd2 Qb4
16.Red1 Qxd2 17.Rxd2  1/2-1/2

[Event "Katowice op"]
[Site "Katowice"]
[Date "1992.??.??"]
[Round "2"]
[White "Titov, German"]
[Black "Kaminski, Marcin"]
[Result "1/2-1/2"]
[WhiteElo "2490"]
[BlackElo "2360"]

1.e4 c5 2.Nf3 d6 3.Bb5+ Bd7 4.Bxd7+ Qxd7 5.c4 Nc6 6.Nc3 Nf6 7.O-O g6 8.d4 cxd4
9.Nxd4 Bg7 10.Nde2 O-O 11.f3 e6 12.Bg5 h6 13.Be3 Rfd8 14.Qd2 d5 15.cxd5 exd5
16.Bxh6 dxe4 17.Qxd7 Rxd7 18.Bxg7 Kxg7 19.fxe4 Rd2 20.Rf2 Ng4 21.Rf4 Nce5
22.Rb1 Rad8 23.Ng3 Ne3 24.Rf2 N5g4 25.Re2 Rxe2 26.Ngxe2 Nf6 27.h3 Nc4 28.b3 Nd2
29.Rd1 Nfxe4 30.Nxe4 Nf3+ 31.gxf3 Rxd1+ 32.Kf2 f5 33.N4c3 Rd3 34.Na4  1/2-1/2

[Event "Katowice op"]
[Site "Katowice"]
[Date "1992.??.??"]
[Round "2"]
[White "Bogumil, Pavel"]
[Black "Renet, Olivier"]
[Result "1/2-1/2"]
[WhiteElo "2360"]
[BlackElo "2495"]

1.e4 c5 2.Nf3 d6 3.Bb5+ Bd7 4.Bxd7+ Qxd7 5.O-O e6 6.c3 Nf6 7.Qe2 Nc6 8.d3 Be7
9.Nbd2 O-O 10.Rd1 Rac8 11.Nf1 b5 12.Ng3 b4 13.d4 bxc3 14.bxc3 cxd4 15.cxd4 Nb4
16.a4 Qc6 17.Bg5 Qc4 18.Qxc4 Rxc4 19.Rac1 Rcc8 20.e5 dxe5 21.dxe5 Nfd5 22.Bxe7 Nxe7
23.Ne4 h6 24.h4 Rxc1 25.Rxc1 Rc8 26.Rxc8+ Nxc8 27.Kf1 Nb6 28.Nc5 Nc4 29.Nd7 Nb2
30.Nc5 Nc4 31.Nd7 Nb2 32.Nc5 N2d3  1/2-1/2

[Event "Katowice op"]
[Site "Katowice"]
[Date "1992.??.??"]
[Round "2"]
[White "Sobolewski, Piotr"]
[Black "Arbakov, Valentin"]
[Result "0-1"]
[WhiteElo "2305"]
[BlackElo "2450"]

1.e4 c5 2.Nf3 d6 3.Bb5+ Nc6 4.c3 Nf6 5.Qe2 Bg4 6.h3 Bxf3 7.Bxc6+ bxc6 8.Qxf3 Nd7
9.d3 g6 10.O-O Bg7 11.Qg3 O-O 12.Nd2 a5 13.a4 Rb8 14.f4 f5 15.Qf3 Qc7 16.Re1 e5
17.Nc4 fxe4 18.dxe4 exf4 19.Qg4 Ne5 20.Qe6+ Qf7 21.Qxf7+ Rxf7 22.Nxe5 Bxe5
23.Kf2 g5 24.Ra2 c4 25.Ke2 Kg7 26.Rf1 Kg6 27.Kd1 h5 28.Bd2 Re7 29.h4 g4 30.Bxf4 Rf8
31.Bxe5 Rxf1+ 32.Ke2 Rff7  0-1

[Event "Katowice op"]
[Site "Katowice"]
[Date "1992.??.??"]
[Round "6"]
[White "Berezjuk, Sergej"]
[Black "Jukic, Mirko"]
[Result "1/2-1/2"]
[WhiteElo "2380"]
[BlackElo "2455"]

1.e4 c5 2.Nf3 d6 3.Bb5+ Bd7 4.Bxd7+ Qxd7 5.c4 Nc6 6.Nc3 g6 7.d4 cxd4 8.Nxd4 Bg7
9.Nde2 Nf6 10.O-O O-O 11.f3 Rfc8 12.Be3 Qd8 13.Rc1 a6 14.b3 b5 15.Nd5 Nd7
16.Bg5 h6 17.Bh4 Bf8 18.Kh1 Kh7 19.Qd2 g5 20.Bg3 e6 21.Ne3 Qa5 22.Rfd1 Qxd2
23.Rxd2 Nce5 24.cxb5 axb5 25.h4 Be7 26.hxg5 hxg5 27.Rxc8 Rxc8 28.Rc2 Rc5
29.b4 Rc6 30.Rxc6 Nxc6  1/2-1/2

[Event "Katowice op"]
[Site "Katowice"]
[Date "1992.??.??"]
[Round "6"]
[White "Gizynski, Tomasz"]
[Black "Arbakov, Valentin"]
[Result "1-0"]
[WhiteElo "2310"]
[BlackElo "2450"]

1.e4 c5 2.Nf3 d6 3.Bb5+ Nd7 4.a4 Nf6 5.Nc3 g6 6.d3 Bg7 7.O-O O-O 8.a5 a6
9.Bc4 Nb8 10.Bd2 Nc6 11.Nd5 Bg4 12.h3 Bxf3 13.Qxf3 Nd7 14.Qd1 e6 15.Ne3 Rb8
16.Ra2 Nf6 17.Bc3 Nd4 18.Bxd4 cxd4 19.Ng4 Nh5 20.Qd2 Kh8 21.Nh2 Rc8 22.Bb3 Rc5
23.Ra4 f5 24.exf5 Rcxf5 25.Bxe6 Nf4 26.Bxf5 Qg5 27.Qxf4 Qxf4 28.Be4 Qd2 29.Rc4 Qxa5
30.Bxb7 d5 31.b4 Qd8 32.Rc5 Qb6 33.Bxd5 Qxb4 34.Rc6 Qb5 35.Be4 Re8 36.Rd6 Rc8
37.Ra1 Be5 38.Rdxa6 Rxc2 39.Ra8+ Kg7 40.Nf3 Kh6 41.Nxe5 Qxe5 42.R8a2 Rc7
43.Ra7 Rc2 44.Rf7 Rc7 45.Rxc7 Qxc7 46.g3 Qb6 47.Kg2 Kg7 48.Rc1 Qd6 49.Rc6 Qe5
50.Rb6 Kh8 51.Rb7 Qd6 52.Ra7 Qe6 53.h4 Qe5 54.Rd7 Kg8 55.Rd5 Qf6 56.h5 gxh5
57.Rxh5 h6 58.Rc5 Qd6 59.Rc6 Qf8 60.f4 Kg7 61.f5 Qb4 62.f6+ Kf8 63.Bd5 Ke8
64.f7+ Kd7 65.Rf6 Qf8 66.Kh2 h5 67.Bc4 h4 68.gxh4 Ke7 69.Rf4 Kd6 70.Rxd4+ Kc5
71.Rf4 Kd6 72.Rf5 Kd7 73.Kg3 Ke7 74.Kf2 Kd7 75.h5  1-0

[Event "Katowice op"]
[Site "Katowice"]
[Date "1992.??.??"]
[Round "7"]
[White "Velicka, Petr"]
[Black "Dvoirys, Semen I"]
[Result "0-1"]
[WhiteElo "2410"]
[BlackElo "2515"]

1.e4 c5 2.Nf3 d6 3.Bb5+ Nc6 4.Bxc6+ bxc6 5.O-O e5 6.c3 Nf6 7.d4 Nxe4 8.dxe5 d5
9.Nbd2 Nxd2 10.Bxd2 Be7 11.Bf4 O-O 12.Qd2 Bf5 13.Rfe1 a5 14.b3 h6 15.Qe3 Qd7
16.h3 Qe6 17.Nd2 Rfb8 18.Bh2 Rd8 19.Qe2 Qg6 20.Kh1 a4 21.f4 Bc2 22.g4 Qd3
23.Qxd3 Bxd3 24.Kg2 Ra7 25.Bg1 d4 26.Rec1 axb3 27.Nxb3 Be4+ 28.Kg3 Ra3 29.Bf2 Rda8
30.Be1 Rxa2 31.Rxa2 Rxa2 32.Nd2 Bc2 33.Nf3 d3 34.c4 Ra4 35.Nd2 Bd8 36.Bf2 Ba5
37.Be3 Ra2 38.Rg1 Ba4 39.Rg2 Bd1 40.Ne4 Re2 41.Bd2 Rxe4 42.Bxa5 Be2 43.Bd2 Rxc4
44.Kf2 Rc2 45.Ke3 c4 46.Ba5 g5 47.fxg5 hxg5 48.Rg1 c3 49.Bd8 Rb2 50.Bxg5 c2
51.Rc1 c5 52.Kd2 Rb3 53.Be3 c4 54.Bd4 Kh7 55.Bc3 Kg6 56.Bd4 Rb1 57.Be3 Rxc1
58.Kxc1 c3 59.Bf4 d2+  0-1

[Event "Katowice op"]
[Site "Katowice"]
[Date "1992.??.??"]
[Round "7"]
[White "Pedzich, Dominik"]
[Black "Panchenko, Alexander N"]
[Result "1/2-1/2"]
[WhiteElo "2385"]
[BlackElo "2460"]

1.e4 c5 2.Nf3 d6 3.Bb5+ Bd7 4.Bxd7+ Nxd7 5.O-O Ngf6 6.Qe2 e6 7.c3 Be7 8.d4 O-O
9.Rd1 Qc7 10.Bg5 h6 11.Bh4 Rfe8 12.Na3 d5 13.e5 Ne4 14.Bxe7 Rxe7 15.Nd2 Nxd2
16.Rxd2 a6 17.Nc2 f6 18.f4 fxe5 19.fxe5 Rf8 20.Rf1 Rxf1+ 21.Kxf1 cxd4 22.cxd4 Nb8
23.Ne1 Nc6  1/2-1/2

[Event "Kecskemet2"]
[Site "Kecskemet"]
[Date "1992.??.??"]
[Round "3"]
[White "Lyrberg, Patrik"]
[Black "Szalanczy, Emil"]
[Result "1/2-1/2"]
[WhiteElo "2425"]
[BlackElo "2370"]

1.e4 c5 2.Nf3 d6 3.Bb5+ Nc6 4.O-O Bd7 5.c3 a6 6.Bxc6 Bxc6 7.Re1 Nf6 8.d4 Bxe4
9.Bg5 Bg6 10.Nbd2 cxd4 11.cxd4 e6 12.d5 e5 13.Nc4 Be7 14.Nfxe5 O-O 15.Nxg6 hxg6
16.Bd2 Qc7 17.Rc1 Rae8 18.Bb4 Qd7 19.Rxe7 Rxe7 20.Bxd6 Rd8 21.Bxe7 Qxe7 22.Ne3 Nxd5
23.Nxd5 Qe5 24.g3 Rxd5 25.Qc2 Kh7 26.b3 f5 27.Rd1 Qe4 28.Qc1 Rxd1+ 29.Qxd1 Kh6
30.Qd2+ Kh5 31.Qd1+ Kh6 32.Qd2+  1/2-1/2

[Event "Kecskemet3"]
[Site "Kecskemet"]
[Date "1992.??.??"]
[Round "3"]
[White "Fette, Martin"]
[Black "Loginov, Valery A"]
[Result "0-1"]
[WhiteElo "2385"]
[BlackElo "2540"]

1.e4 c5 2.Nf3 d6 3.Bb5+ Bd7 4.Bxd7+ Qxd7 5.O-O e6 6.c3 Nf6 7.Qe2 Nc6 8.d4 cxd4
9.cxd4 d5 10.e5 Ne4 11.Be3 Be7 12.Ne1 f6 13.f3 Ng5 14.Nd3 O-O 15.Nd2 Nf7
16.f4 Rac8 17.Nf3 Nh6 18.Rae1 fxe5 19.dxe5 Qe8 20.Rc1 Qg6 21.Bc5 Nf5 22.Bxe7 Nfxe7
23.Qd2 h6 24.Nc5 Rc7 25.Nh4 Qg4 26.g3 b6 27.Nd3 Rcc8 28.Nf2 Qh5 29.Ng2 Qg6
30.Kh1 Nf5 31.g4 Nfe7 32.Nh4 Qf7 33.Nd3 Ng6 34.Qf2 Nxh4 35.Qxh4 Ne7 36.Rxc8 Rxc8
37.f5 exf5 38.e6 Qxe6 39.Re1 Ng6  0-1

[Event "Kecskemet2"]
[Site "Kecskemet"]
[Date "1992.??.??"]
[Round "4"]
[White "Siklosi, Zoltan"]
[Black "Tolnai, Tibor"]
[Result "0-1"]
[WhiteElo "2415"]
[BlackElo "2495"]

1.e4 c5 2.Nf3 d6 3.Bb5+ Bd7 4.Bxd7+ Qxd7 5.O-O Nc6 6.c3 Nf6 7.Qe2 e6 8.d4 cxd4
9.cxd4 d5 10.e5 Ne4 11.Be3 Be7 12.Rd1 O-O 13.Ne1 f5 14.f3 Ng5 15.Nd3 Rac8
16.Nc3 Nf7 17.Nf4 g5 18.Nh5 f4 19.Bf2 Qe8 20.g4 fxg3 21.Nxg3 Nh6 22.Be3 Nf5
23.Nxf5 Rxf5 24.Rf1 Bb4 25.Rf2 Kh8 26.Raf1 Ne7 27.Nb5 a6 28.Nd6 Bxd6 29.exd6 Ng6
30.f4 g4 31.Qxg4 Qd7 32.Kh1 Qxd6 33.h4 Rg8 34.h5 Ne7 35.Qh3 Qd7 36.Rg1 Qe8
37.Rh2 Rxg1+ 38.Kxg1 Ng8 39.Rg2 Rxh5 40.Qg3 Qf7 41.Bd2 Rf5 42.Ba5 Rxf4 43.Bd8 Rf5
44.Bh4 h6 45.Kh2 Kh7 46.Rc2 Qg6 47.Rc7+ Rf7 48.Qf4 Qc2+ 49.Rxc2 Rxf4 50.Kg3 Rxd4
51.Rc7+ Kg6 52.Rxb7 Nf6 53.Rb6 Ne4+  0-1

[Event "Kecskemet3"]
[Site "Kecskemet"]
[Date "1992.??.??"]
[Round "12"]
[White "Fette, Martin"]
[Black "Szalanczy, Emil"]
[Result "0-1"]
[WhiteElo "2385"]
[BlackElo "2420"]

1.e4 c5 2.Nf3 d6 3.Bb5+ Nc6 4.O-O Bd7 5.c3 a6 6.Bxc6 Bxc6 7.Re1 Nf6 8.d4 Bxe4
9.Bg5 Bg6 10.d5 Qd7 11.Nbd2 Rd8 12.Qb3 Qb5 13.Qa3 Bf5 14.Nh4 Bc8 15.Rad1 Ng8
16.c4 Qb4 17.Qxb4 cxb4 18.Nb3 Bg4 19.Rd4 Bc8 20.Bd2 g5 21.Bxg5 Bg7 22.Rd2 Bh6
23.Bxh6 Nxh6 24.Nd4 Kf8 25.Rde2 Re8 26.f4 Rg8 27.g3 Bd7 28.Re3 Rg4 29.Ndf3 Rg7
30.Nd4 Rg4 31.Ndf3 Rg7 32.Nd4 f6 33.b3 Rc8 34.a3 bxa3 35.Ra1 Ke8 36.Rxa3 Kd8
37.Ra1 Bh3 38.f5 Kd7 39.Rae1 Ng4 40.R3e2 Ne5 41.Re3 Rg4 42.Ne6 Rcg8 43.Kh1 Rxh4
44.gxh4 Bg2+ 45.Kg1 Bxd5+ 46.Kf1 Bxe6 47.fxe6+ Kxe6 48.Rg3 Rg6 49.Rxg6 hxg6
50.Kg2 f5 51.Kg3 Kf6 52.Rd1 b6 53.Rd2 a5 54.Rd1 Nd7 55.b4 axb4 56.Rb1 e5
57.Rxb4 Ke6 58.h5 gxh5 59.Kh4 e4 60.Kxh5 Ke5 61.Kg6 f4 62.h4 f3 63.h5 f2  0-1

[Event "JUG-ch"]
[Site "Kladovo"]
[Date "1992.??.??"]
[Round "1"]
[White "Dinic, Dragan"]
[Black "Farkas, Tibor"]
[Result "1/2-1/2"]
[WhiteElo "2235"]
[BlackElo "2050"]

1.e4 c5 2.Nf3 d6 3.Bb5+ Bd7 4.Bxd7+ Nxd7 5.O-O Ngf6 6.Re1 e6 7.c4 Be7 8.Nc3 Rc8
9.b3 Qa5 10.Bb2 a6 11.d4 cxd4 12.Qxd4 O-O 13.Qd2 Qc7 14.h3 Rfd8  1/2-1/2

[Event "JUG-ch"]
[Site "Kladovo"]
[Date "1992.??.??"]
[Round "1"]
[White "Brajovic, Radovan"]
[Black "Jevtic, Miodrag"]
[Result "1/2-1/2"]
[WhiteElo "2295"]
[BlackElo "2380"]

1.e4 c5 2.Nf3 d6 3.Bb5+ Bd7 4.Bxd7+ Qxd7 5.O-O Nc6 6.c4 g6 7.d4 cxd4 8.Nxd4 Bg7
9.Be3 Nf6 10.f3 O-O 11.Nc3 Rab8 12.Rc1 Rfc8 13.b3 a6 14.Qd2 Nxd4 15.Bxd4 b5
16.cxb5 axb5 17.Bxf6 Bxf6 18.Nd5 Qa7+ 19.Kh1 Bg7 20.Rxc8+ Rxc8 21.Rc1 Rxc1+
22.Qxc1 Bd4 23.Qc2 Kg7 24.g3 h5 25.Kg2 e6 26.Nf4 Qa3 27.Nd3 b4 28.Qd2 Bc3
29.Qe2 Qa7 30.Qf2 Bd4 31.Qd2 Bc3 32.Qf2  1/2-1/2

[Event "JUG-ch"]
[Site "Kladovo"]
[Date "1992.??.??"]
[Round "2"]
[White "Vujosevic, Vladimir"]
[Black "Zakic, Srdjan"]
[Result "1/2-1/2"]
[WhiteElo "2400"]
[BlackElo "2345"]

1.e4 c5 2.Nf3 d6 3.Bb5+ Bd7 4.Bxd7+ Qxd7 5.c4 g6 6.d4 cxd4 7.Nxd4 Bg7 8.O-O Nc6
9.Nc2 Rc8 10.Qe2 Ne5 11.Nba3 Nf6 12.b3 O-O 13.Bd2 a6 14.Rac1 Qc6 15.f3 b6
16.Kh1 e6 17.Nb1 Rfd8 18.Nc3  1/2-1/2

[Event "JUG-ch"]
[Site "Kladovo"]
[Date "1992.??.??"]
[Round "11"]
[White "Miljanic, Boro"]
[Black "Jevtic, Miodrag"]
[Result "1/2-1/2"]
[WhiteElo "2395"]
[BlackElo "2380"]

1.e4 c5 2.Nf3 d6 3.Bb5+ Bd7 4.Bxd7+ Qxd7 5.O-O Nc6 6.c3 Nf6 7.Qe2 e6 8.d4 cxd4
9.cxd4 d5 10.e5 Ne4 11.Nbd2 Nxd2 12.Bxd2 Be7 13.Qd3 Rc8 14.Rad1 Qd8 15.h3  1/2-1/2

[Event "Kuopio op"]
[Site "Kuopio"]
[Date "1992.??.??"]
[Round "2"]
[White "Laine, Panu"]
[Black "Novikov, Igor A"]
[Result "0-1"]
[WhiteElo "2220"]
[BlackElo "2585"]

1.e4 c5 2.Nf3 d6 3.Bb5+ Bd7 4.Bxd7+ Nxd7 5.O-O Ngf6 6.Re1 e6 7.c3 Be7 8.d4 O-O
9.Bg5 h6 10.Bh4 cxd4 11.cxd4 d5 12.e5 Ne4 13.Bxe7 Qxe7 14.Nbd2 Nxd2 15.Qxd2 Nb6
16.Rec1 Nc4 17.Qc3 Rac8 18.b3 Nxe5 19.Qxc8 Nxf3+ 20.gxf3 Rxc8 21.Rxc8+ Kh7
22.Rac1 Qg5+ 23.Kf1 Qf4 24.Kg2 b5 25.R1c7 a5 26.Rb7 b4 27.Ra8 Qg5+ 28.Kf1 Qf5
29.Rxa5 Qxf3 30.Rxb4 Qc3 31.a3 Qc7 32.Ra8 Qxh2 33.a4 Qh1+ 34.Ke2 Qe4+ 35.Kf1 e5
36.Rd8 Qh1+ 37.Ke2 e4 38.Rb5 Qf3+ 39.Ke1 Qc3+ 40.Ke2 f5 41.Rb7 Qc2+ 42.Kf1 Qc1+
43.Ke2 f4  0-1

[Event "Kuopio op"]
[Site "Kuopio"]
[Date "1992.??.??"]
[Round "8"]
[White "Raaste, Eero J"]
[Black "Yrjola, Jouni"]
[Result "1/2-1/2"]
[WhiteElo "2345"]
[BlackElo "2460"]

1.e4 c5 2.Nf3 d6 3.Bb5+ Nc6 4.d4 cxd4 5.Qxd4 Bd7 6.Bxc6 Bxc6 7.c4 f5 8.Nc3 e5
9.Qe3 fxe4 10.Nxe4 Nf6 11.Nc3 Be7 12.Bd2 O-O 13.O-O-O Qc8 14.Qe2 a6 15.Bg5 Qf5
16.h4 Rac8 17.Nd2 b5 18.f3 bxc4 19.Nf1 Qe6 20.Ne3 Bb7 21.Bxf6 Bxf6 22.Ned5 Rc5
23.Qe4 Bd8 24.Nf6+ Bxf6 25.Qxb7 e4 26.Qxe4 Re5 27.Qc6 Re3 28.Rxd6 Rxc3+ 29.bxc3 Qe3+
30.Kd1 Qxc3 31.Re1 Qa1+ 32.Ke2 Qxa2+ 33.Rd2 Qb3 34.Rc1 c3 35.Qd5+ Qxd5 36.Rxd5 Rb8
37.g4 g6 38.Rd6 Rb2+ 39.Ke3 Be5 40.Re6 Rb5 41.Ke4 Bg7 42.Rxa6 Re5+ 43.Kf4 Re8
44.g5 Bd4 45.Kg4 Rc8 46.Rc2  1/2-1/2

[Event "ARG-ch sf1"]
[Site "La Plata"]
[Date "1992.??.??"]
[Round "?"]
[White "Rosito, Jorge"]
[Black "Szmetan, Jorge"]
[Result "1-0"]
[WhiteElo "2345"]
[BlackElo "2400"]

1.e4 c5 2.Nf3 d6 3.Bb5+ Nd7 4.d4 Nf6 5.O-O cxd4 6.Qxd4 e5 7.Qe3 Be7 8.Nc3 O-O
9.Bxd7 Bxd7 10.Rd1 h6 11.b3 Qc7 12.a4 b6 13.Ba3 Be6 14.Rd3 a6 15.Rad1 Rfc8
16.Bxd6 Bxd6 17.Rxd6 Ra7 18.R6d3 Kh7 19.h3 Qc5 20.Qxc5 Rxc5 21.Nd2 Rac7 22.Ndb1 Bd7
23.Nd5 Nxd5 24.Rxd5 Rxd5 25.exd5 Rxc2 26.Na3 Re2 27.Nc4 b5 28.Nb6 Bf5 29.d6 bxa4
30.bxa4 Rb2 31.d7 Bxd7 32.Nxd7 f6 33.Rd6 a5 34.Rd5 Rb7 35.Nc5 Rb4 36.g4 h5
37.f3 Kh6 38.Kg2 Kg5 39.Rd2 Rc4 40.Ne4+ Kf4 41.Ra2 h4 42.Nd6 Rb4 43.Nf5 g5
44.Ne7  1-0

[Event "Lenk op"]
[Site "Lenk"]
[Date "1992.??.??"]
[Round "?"]
[White "Lehtivaara, Petri"]
[Black "Gallagher, Joseph G"]
[Result "0-1"]
[WhiteElo "2270"]
[BlackElo "2510"]

1.e4 c5 2.Nf3 d6 3.Bb5+ Nd7 4.d4 Nf6 5.Nc3 cxd4 6.Qxd4 e5 7.Qd3 h6 8.Nd2 Be7
9.Nc4 O-O 10.Be3 Qc7 11.a4 Rd8 12.a5 Nc5 13.Bxc5 Qxc5 14.Ne3 Be6 15.Ra4 d5
16.exd5 Nxd5 17.Ncxd5 Bxd5 18.Qe2 a6 19.Bc4 Bc6 20.Ra1 Rd4 21.O-O Bg5 22.c3 Rd7
23.b4 Qe7 24.Qg4 Rad8 25.Nf5 Qf6 26.h4 Bd2 27.Ra3 h5 28.Qh3 g6 29.Ng3 Qf4
30.Ba2 Rd3 31.Bb1 Bd7 32.Nxh5 Rxh3 33.Nxf4 Rxh4 34.Nd3 Kg7 35.Rd1 Rdh8 36.Kf1 Rh1+
37.Ke2 Bg4+ 38.f3 Bxf3+ 39.Kxf3 Rxd1 40.Bc2 Rg1 41.Nxe5 Rc1 42.Be4 Rf1+ 43.Ke2 Re1+
44.Kxd2 Rxe4 45.Nf3 Rd8+  0-1

[Event "Liechtenstein op"]
[Site "Liechtenstein"]
[Date "1992.??.??"]
[Round "?"]
[White "Dueckstein, Andreas"]
[Black "Borriss, Martin"]
[Result "0-1"]
[WhiteElo "2360"]
[BlackElo "2395"]

1.e4 c5 2.Nf3 d6 3.Bb5+ Bd7 4.Bxd7+ Qxd7 5.O-O Nc6 6.c3 Nf6 7.Re1 e6 8.d4 cxd4
9.cxd4 d5 10.e5 Ne4 11.Nc3 Nxc3 12.bxc3 Be7 13.Re3 O-O-O 14.Ne1 f5 15.exf6 gxf6
16.Nd3 Bd6 17.f4 Rhg8 18.Bd2 Rg6 19.Be1 Rdg8 20.Rg3 Na5 21.Qe2 Nc4 22.Bf2 Qf7
23.Re1 f5 24.Rxg6 Rxg6 25.Be3 b6 26.Nb2 Qc7 27.Rf1 Kb7 28.Rf3 Bf8 29.Rh3 Nd6
30.Bd2 Ne4 31.Nd3 Bd6 32.Ne5 Bxe5 33.fxe5 Qg7 34.Be1 Rh6 35.Rd3 Rg6 36.Bd2 Rg4
37.Rf3 Qg6 38.Bf4 Qg7 39.Bc1 Qc7 40.Qb2 Rg8 41.Bd2 Qc4 42.Be1 Ng5  0-1

[Event "Ljubljana op"]
[Site "Ljubljana"]
[Date "1992.??.??"]
[Round "2"]
[White "Puljek Salai, Zorica"]
[Black "Shipov, Sergei"]
[Result "0-1"]
[WhiteElo "2190"]
[BlackElo "2460"]

1.e4 c5 2.Nf3 d6 3.Bb5+ Bd7 4.Bxd7+ Qxd7 5.O-O Nf6 6.Qe2 Nc6 7.b3 e6 8.Bb2 Be7
9.c4 a6 10.d4 cxd4 11.Nxd4 b5 12.Nd2 O-O 13.Rac1 Rfc8 14.Rfd1 Qb7 15.Nxc6 Rxc6
16.Rc3 Rac8 17.Rg3 e5 18.h4 h5 19.Rg5 g6 20.Rg3 Bf8 21.Rd3 Ng4 22.Ba3 Qb6
23.Rd5 Bh6 24.Nf1 bxc4 25.Rxd6 cxb3 26.axb3 Qxb3 27.Rd8+ Rxd8 28.Rxd8+ Kh7
29.Be7 Rc2 30.Qxa6 Rxf2 31.Qc8 Rxf1+ 32.Kxf1 Qb1+ 33.Ke2 Qxe4+ 34.Kf1 Nh2+
35.Kf2 Qe3+  0-1

[Event "Malmo op"]
[Site "Malmo"]
[Date "1992.??.??"]
[Round "4"]
[White "Johansson, Jan"]
[Black "Karlsson, Lars"]
[Result "1-0"]
[WhiteElo "2380"]
[BlackElo "2480"]

1.e4 c5 2.Nf3 d6 3.Bb5+ Nc6 4.O-O Bg4 5.c3 Qb6 6.Na3 a6 7.Be2 Nf6 8.Nc4 Qc7
9.Ne3 Bxf3 10.Bxf3 e6 11.d4 Be7 12.d5 Ne5 13.Be2 exd5 14.exd5 g6 15.a4 O-O
16.c4 Rfe8 17.f4 Ned7 18.Bd3 Bf8 19.Qf3 Re7 20.Bd2 Rae8 21.Rae1 Bg7 22.Re2 Ne4
23.Bc1 b5 24.axb5 axb5 25.cxb5 Nb6 26.Kh1 f5 27.b3 Nc3 28.Ree1 Qd7 29.Bd2 Nxb5
30.Ba5 Nd4 31.Qf2 Qb7 32.b4  1-0

[Event "Manila ol (Men)"]
[Site "Manila"]
[Date "1992.??.??"]
[Round "?"]
[White "Leow Leslie M"]
[Black "Yrjola, Jouni"]
[Result "0-1"]
[WhiteElo "2455"]
[BlackElo "2485"]

1.e4 c5 2.Nf3 d6 3.Bb5+ Bd7 4.Bxd7+ Nxd7 5.O-O Ngf6 6.Qe2 e6 7.c4 Ne5 8.b3 Be7
9.Bb2 Nxf3+ 10.Qxf3 O-O 11.d4 cxd4 12.Bxd4 Qa5 13.Qd3 a6 14.a4 Rfd8 15.Qe3 Nd7
16.Qc3 Qg5 17.Nd2 Rac8 18.f4 Qh6 19.Rf3 e5 20.Be3 exf4 21.Bxf4 Qe6 22.Raf1 b5
23.Qa5 bxc4 24.Nxc4 Nc5 25.Nb6 Rc6 26.b4 Nxe4 27.Nd5 Rdc8 28.Re1  0-1

[Event "Manila ol (Men)"]
[Site "Manila"]
[Date "1992.??.??"]
[Round "?"]
[White "Campora, Daniel H"]
[Black "Spraggett, Kevin"]
[Result "1/2-1/2"]
[WhiteElo "2550"]
[BlackElo "2545"]

1.e4 c5 2.Nf3 d6 3.Bb5+ Nd7 4.O-O Nf6 5.Re1 a6 6.Bf1 b6 7.c4 Bb7 8.Nc3 e6
9.a3 Be7 10.b4 O-O 11.Rb1 Qc7 12.Qb3 Rab8 13.d3 Ng4 14.h3 Nge5 15.Nxe5 Nxe5
16.b5 a5 17.Qd1 Bf6 18.Ne2 Rbd8 19.f4 Nd7 20.g3 g6 21.Bg2 Bg7 22.Qc2 d5 23.Kh2 d4
24.Ng1 f5 25.e5 Rf7 26.Rb2 h6 27.Bf3 Nf8 28.Qg2 Nh7 29.Bxb7 Qxb7 30.Nf3 Bf8
31.Rg1 Rg7 32.g4 Be7 33.Ne1 Qxg2+ 34.Rbxg2 Nf8 35.Nf3 Kh7 36.h4 fxg4 37.Rxg4 h5
38.R4g2 Rf7 39.Kh3 Rf5 40.Nh2 Rf7 41.Nf1 Re8 42.Ng3 Bd8 43.Ne4 Be7 44.Bd2 Rf5
45.Re1 Rf7 46.Rge2 Rd8 47.Ng3 a4 48.Rf2 Re8 49.Rg2 Bd8 50.Bc1 Be7 51.Reg1 Bd8
52.Ne2 Rf5 53.Bd2 Kg7 54.Ng3 Kf7 55.Re2 Bc7 56.Rge1 Re7 57.Bc1 Re8 58.Re4 Re7
59.Bb2 Re8 60.Kg2 Bd8 61.Kh3 Bc7 62.Bc1 Ke7 63.Bb2 Rd8 64.Rg1 Rf7 65.Bc1 Ke8
66.Re2 Rf5 67.Bd2 Rd7  1/2-1/2

[Event "Manila ol (Men)"]
[Site "Manila"]
[Date "1992.??.??"]
[Round "?"]
[White "Fancy, Stuart"]
[Black "Zabasajja, Willy"]
[Result "1-0"]
[WhiteElo "2205"]
[BlackElo "2320"]

1.e4 c5 2.Nf3 d6 3.Bb5+ Bd7 4.Bxd7+ Qxd7 5.c4 Qg4 6.O-O Qxe4 7.d4 Nd7 8.Nc3 Qc6
9.Re1 O-O-O 10.dxc5 dxc5 11.Nb5 Qb6 12.Bf4 e5 13.Nxe5 Nxe5 14.Bxe5 Rxd1 15.Raxd1 a6
16.Bc7 Qxc7 17.Re8+  1-0

[Event "Manila ol (Men)"]
[Site "Manila"]
[Date "1992.??.??"]
[Round "?"]
[White "Galego, Luis"]
[Black "Renet, Olivier"]
[Result "1/2-1/2"]
[WhiteElo "2405"]
[BlackElo "2495"]

1.e4 c5 2.Nf3 d6 3.Bb5+ Bd7 4.c4 Nf6 5.Nc3 g6 6.O-O Bg7 7.Re1 O-O 8.Bxd7 Qxd7
9.d4 cxd4 10.Nxd4 Nc6 11.Bg5 Rfc8 12.Nxc6 Rxc6 13.b3 e6 14.Qd2 a6 15.Rad1 Qc7
16.Re3 Ne8 17.Nd5 exd5 18.exd5 Rc5 19.Rde1 Nf6 20.Re7 Qc8 21.Qf4 Qf5 22.Rxb7 Qxf4
23.Bxf4 Bf8 24.Rb6 Nd7 25.Rc6 Rxc6 26.dxc6 Ne5 27.c5 Nd3 28.cxd6 Bxd6 29.Rd1 Bxf4
30.Rxd3 Rc8 31.g3 Be5 32.Rd5 Bg7 33.Rc5 Bd4 34.Rc4 Bb6 35.b4 Bc7 36.a4 Kf8
37.b5 axb5 38.axb5 Rb8 39.Rd4 Rd8 40.Ra4 Ke7 41.Ra7 Rd1+ 42.Kg2 Kd8 43.Ra8+ Ke7
44.Ra7  1/2-1/2

[Event "Manila ol (Women)"]
[Site "Manila"]
[Date "1992.??.??"]
[Round "?"]
[White "Yermolinskaya, M."]
[Black "Chilingirova, Pavlina"]
[Result "0-1"]
[WhiteElo "2205"]
[BlackElo "2270"]

1.e4 c5 2.Nf3 d6 3.Bb5+ Nc6 4.Bxc6+ bxc6 5.O-O e5 6.c3 Nf6 7.Re1 Be7 8.d4 cxd4
9.cxd4 Qc7 10.dxe5 dxe5 11.Qc2 O-O 12.Nc3 Bg4 13.Be3 Rfd8 14.Rac1 Bxf3 15.gxf3 Qc8
16.Ne2 Qh3 17.Ng3 h5 18.Qe2 Nh7 19.Qf1 Qe6 20.Qg2 h4 21.Nf5 Bf6 22.Kh1 Kh8
23.Rg1 g6 24.Nh6 Bg7 25.Qg4 Qf6 26.Qg2 Rd3 27.Ng4 Qe6 28.Bh6 Bxh6 29.Nxh6 h3
30.Qg3 Re8 31.Ng4 Nf6 32.Nxf6 Qxf6 33.Qxh3+ Kg7 34.Rc3 Rd2 35.Rgc1 Rxf2 36.R1c2 Rxc2
37.Rxc2 Rd8 38.Qg3 Rd1+ 39.Kg2 Qd6 40.b3 Ra1 41.Qg5 Qd4 42.Rf2 Rd1 43.Qe7 a5
44.Qc7 Qc5 45.Qb8 Qe7 46.Qc8 Qg5+ 47.Qg4 Qc1 48.Kh3 Rg1 49.Rg2 Qh6+ 50.Kg3 Rxg2+
51.Kxg2 Qd2+ 52.Kg3 Qxa2 53.Qg5 Qa1 54.Qe3 Qd4 55.Qc1 c5 56.Qc2 Qg1+ 57.Kh3 Kh6
58.Qd2+ Qg5 59.Qxa5 Qe3 60.Kg2 Qd4 61.Qb5 Kg5 62.Qe8 f5 63.exf5 gxf5 64.Qf8 Qd2+
65.Kh3 Qf2 66.Qg8+ Kf4 67.Qc4+ Kxf3 68.Qd5+ Kf4 69.Qc4+ e4  0-1